Prarambhik bharat ka arthik aur samajik itihas (Record no. 439267)

000 -LEADER
fixed length control field 00352cam a22001097a 4500
008 - FIXED-LENGTH DATA ELEMENTS--GENERAL INFORMATION
fixed length control field 180718b1997 xxu||||| |||| 00| 0 eng d
100 ## - MAIN ENTRY--PERSONAL NAME
Personal name Sharma, Ramsharan
245 ## - TITLE STATEMENT
Title Prarambhik bharat ka arthik aur samajik itihas
Statement of responsibility, etc. by Ramsharan Sharma
260 ## - PUBLICATION, DISTRIBUTION, ETC.
Place of publication, distribution, etc. Delhi vishvvidhyalya
Name of publisher, distributor, etc. Hindi Madhyam Karyanvay Nedeshalaya
Date of publication, distribution, etc. 1997
300 ## - PHYSICAL DESCRIPTION
Extent 303p.
650 ## - SUBJECT ADDED ENTRY--TOPICAL TERM
Topical term or geographic name entry element Itihas
Holdings
Withdrawn status Lost status Damaged status Not for loan Permanent Location Current Location Date acquired Barcode Date last seen Price effective from Koha item type
        Indian Institute of Public Administration Indian Institute of Public Administration 2010-04-26 72455 2018-07-21 2018-07-21 Book

Powered by Koha